Kontinente mit größtem Land - Statistiken

Allgemein
  • Dieses Quiz wurde 230 mal gespielt
  • Das Durchschnittsergebnis liegt bei 6 aus 6
Antwortstatistiken
Hint Antwort % Korrekt
Asien Russland
100%
Ozeanien Australien
98%
Nordamerika Kanada
98%
Südamerika Brasilien
97%
Europa Ukraine
86%
Afrika Algerien
82%
Keine übereinstimmenden Quizze gefunden
Verteilung der Resultate
Anzahl Personen mit jedem Resultat
Perzentil nach korrekt beantworteten Fragen
Ihre Resultats-Entwicklung
Sie haben dieses Quiz noch nicht gespielt